| 000 | 00707cam a2200157ua 4500 | ||
|---|---|---|---|
| 041 |
_aeng _h |
||
| 082 |
_a631.316 _bIND/ME |
||
| 110 | 1 |
_aIndian Standards Institution . _b _c() |
|
| 245 |
_aMethod of field testing for manually operated paddy weeder, IS7929-1975 / _cIndian Standards Institution. _hTextual Documents |
||
| 250 |
_a1 / _b. |
||
| 260 |
_aNew Delhi : _bIndian Standards Institution , _c1976. |
||
| 300 | _a10 ; . | ||
| 504 | _a | ||
| 942 | _cBK | ||
| 999 |
_c7968 _d7968 |
||